Giáo trình cấu trúc dữ liệu và giải thuật : Sách dùng cho các trường Đào tạo hệ Trung học chuyên nghiệp /
Gồm sáu chương về giải thuật, cấu trúc mảng, danh sách, ngăn xếp và hàng đợi...
Lưu vào:
| Tác giả chính: | |
|---|---|
| Định dạng: | Sách giáo trình |
| Ngôn ngữ: | Vietnamese |
| Nhà xuất bản: |
Hà Nội :
Giáo dục,
2005.
|
| Phiên bản: | Tái bản lần thứ nhất |
| Chủ đề: | |
| Từ khóa: |
Thêm từ khóa
Không có từ khóa, Hãy là người đầu tiên đánh dấu biểu ghi này!
|
| LEADER | 01291nam a22002777a 4500 | ||
|---|---|---|---|
| 005 | 20200501230655.0 | ||
| 008 | 200404s2005 vm |||||||||||||||||vie|| | ||
| 020 | |c 14.000 VND | ||
| 040 | |a Phenikaa-Uni |b vie |c Phenikaa-Uni |e aacr2 | ||
| 041 | 0 | |a vie | |
| 044 | |a vm | ||
| 082 | 0 | 4 | |2 23 |a 005.73 |b GI-108T 2005 |
| 100 | 1 | |a Đỗ, Xuân Lôi | |
| 245 | 1 | 0 | |a Giáo trình cấu trúc dữ liệu và giải thuật : |b Sách dùng cho các trường Đào tạo hệ Trung học chuyên nghiệp / |c Đỗ Xuân Lôi |
| 250 | |a Tái bản lần thứ nhất | ||
| 260 | |a Hà Nội : |b Giáo dục, |c 2005. | ||
| 300 | |a 155 tr. ; |c 24 cm. | ||
| 520 | 3 | |a Gồm sáu chương về giải thuật, cấu trúc mảng, danh sách, ngăn xếp và hàng đợi... | |
| 650 | 0 | 4 | |a Cấu trúc dữ liệu |
| 650 | 0 | 4 | |a Giáo trình |
| 650 | 0 | 4 | |a Thuật toán |
| 650 | 0 | 4 | |a Tin học |
| 942 | |2 ddc |c SGT | ||
| 999 | |c 556 |d 556 | ||
| 952 | |0 0 |1 0 |2 ddc |4 0 |6 005_730000000000000_GI108T_2005 |7 0 |9 2422 |a PHENIKAA |b PHENIKAA |c PNK_103 |d 2020-04-15 |g 14000.00 |l 0 |o 005.73 GI-108T 2005 |p 00011735 |r 2020-04-15 |v 14000.00 |w 2020-04-15 |y SGT | ||
| 952 | |0 0 |1 0 |2 ddc |4 0 |6 005_730000000000000_GI108T_2005 |7 0 |9 2423 |a PHENIKAA |b PHENIKAA |c PNK_103 |d 2020-04-15 |g 14000.00 |l 0 |o 005.73 GI-108T 2005 |p 00013054 |r 2020-04-15 |v 14000.00 |w 2020-04-15 |y SGT | ||
